Focus on socio-economic and ecological aspects in the development of rubber plantations in the non-traditional regions in India (Record no. 59498)

MARC details
000 -LEADER
fixed length control field 00474nam a2200157Ia 4500
100 ## - MAIN ENTRY--AUTHOR NAME
Personal name Krishnakumar A K
245 #0 - TITLE STATEMENT
Title Focus on socio-economic and ecological aspects in the development of rubber plantations in the non-traditional regions in India
260 ## - PUBLICATION, DISTRIBUTION, ETC. (IMPRINT)
Name of publisher ANRPC News
Year of publication 1996
300 ## - PHYSICAL DESCRIPTION
Number of Pages 9-Aug
650 ## - SUBJECT ADDED ENTRY--TOPICAL TERM
Topical Term Ecofriendly
650 ## - SUBJECT ADDED ENTRY--TOPICAL TERM
Topical Term India
650 ## - SUBJECT ADDED ENTRY--TOPICAL TERM
Topical Term Rubber plantation
650 ## - SUBJECT ADDED ENTRY--TOPICAL TERM
Topical Term Socioeconomics
942 ## - ADDED ENTRY ELEMENTS (KOHA)
Koha item type Journals
Holdings
Withdrawn status Lost status Damaged status Not for loan Home library Current library Shelving location Date acquired Serial Enumeration / chronology Koha item type
      Journals RRII Library RRII Library Agricultural economics 17/12/2021 Volume 11, Issue 4 Journals